Mintmarks on German coins - Statistics

General Stats
  • This quiz has been taken 7 times
  • The average score is 7 of 11
Answer Stats
Mintmark Mint Operating % Correct
A Berlin yes
100%
C Frankfurt am Main until 1879
100%
E Dresden until 1887
86%
D München yes
86%
J Hamburg yes
71%
F Stuttgart yes
57%
B Hannover until 1878
43%
G Karlsruhe yes
43%
E Muldenhütten 1887-1953
43%
B Wien 1938-1944
43%
H Darmstadt until 1882
29%
No matching quizzes found
Score Distribution
Percent of People with Each Score
Percentile by Number Answered
Your Score History
You have not taken this quiz